Chống nạng lên đường : Chùm sáng tác đầu tay mới tìm thấy cuối năm 2000

Cuốn sách này đăng những sáng tác đầu tay của nhà văn Vũ Trọng Phụng do Lại Nguyên Ân mới phát hiện, sưu tầm, giới thiệu, Với những sưu tập sáng tác mới được tìm thấy bạn sẽ lại cùng Vũ Trọng Phụng trở về với xã hội Việt Nam thời t...

詳細記述

保存先:
書誌詳細
第一著者: Vũ, Trọng Phụng
フォーマット: 図書
言語:Undetermined
出版事項: Hà Nội Hội Nhà Văn 2004
主題:
タグ: タグ追加
タグなし, このレコードへの初めてのタグを付けませんか!
Thư viện lưu trữ: Trung tâm Học liệu Trường Đại học Cần Thơ
LEADER 01301nam a2200217Ia 4500
001 CTU_91043
008 210402s9999 xx 000 0 und d
020 |c 52000 
082 |a 895.922331 
082 |b Ph513 
100 |a Vũ, Trọng Phụng 
245 0 |a Chống nạng lên đường : 
245 0 |b Chùm sáng tác đầu tay mới tìm thấy cuối năm 2000 
245 0 |c Vũ Trọng Phụng; Lại Nguyên Ân sưu tầm 
260 |a Hà Nội 
260 |b Hội Nhà Văn 
260 |c 2004 
520 |a Cuốn sách này đăng những sáng tác đầu tay của nhà văn Vũ Trọng Phụng do Lại Nguyên Ân mới phát hiện, sưu tầm, giới thiệu, Với những sưu tập sáng tác mới được tìm thấy bạn sẽ lại cùng Vũ Trọng Phụng trở về với xã hội Việt Nam thời thuộc địa; bằng những nhiệt tình, chân thành và mẫn cảm, nhà văn đã vẽ ra bức tranh sống động, nhiều màu. Các câu chuyện như : Người đi, Kẻ ở, Uyên ương,... 
650 |a Short stories, vietnamese 
904 |i Mai Loan 
980 |a Trung tâm Học liệu Trường Đại học Cần Thơ